Estadísticas para Top 10 países con la mayor densidad poblacional en Asia

Haz click aquí para intentar la prueba.

Estadísticas generales

  • Esta prueba ha sido intentada 2.490 veces
  • La puntuación promedio es 7 de 10

Estadísticas de respuestas

DensidadPaís% Correcto
438India
89%
8 294Singapur
83%
1 175Bangladés
82%
515Corea del Sur
78%
676Taiwán
70%
396Filipinas
63%
421Israel
63%
1 923Baréin
59%
502Líbano
51%
1 728Maldivas
44%

Distribución de puntuación

Porcentaje por número respondido

Porcentaje de gente con cada puntuación

Historial de tus puntuaciones

No has intentado esta prueba.